Countries Under 10 Million Population (Americas) Quiz Stats

 Plays Quiz Updated Aug 27, 2016

Support Sporcle.
Go Orange.
Score 0/20 Timer 02:00
4 Plays Today
Country % Correct
Panama
83.1%
Belize
80.1%
Dominica
79%
Costa Rica
78.5%
Jamaica
78.2%
Bahamas
76.8%
El Salvador
76.7%
Honduras
76.4%
Suriname
75.8%
Saint Kitts and Nevis
75.5%
Country % Correct
Guyana
75.3%
Barbados
72.3%
Trinidad and Tobago
72.1%
Uruguay
71.7%
Nicaragua
71.4%
Paraguay
70.2%
Saint Lucia
69.8%
Saint Vincent and the Grenadines
68.6%
Antigua and Barbuda
66%
Grenada
64.7%

From the Vault

Bible Book Endings A-Z

by sproutcm

Who cares about beginnings anyway?
Remove Ads.
Support Sporcle.
Get the best of Sporcle when you Go Orange. This ad-free experience offers more features, more stats, and more fun while also helping to support Sporcle. Thank you for becoming a member.

Show Comments

Extras

Top Quizzes Today


Score Distribution

Your Account Isn't Verified!

In order to create a playlist on Sporcle, you need to verify the email address you used during registration. Go to your Sporcle Settings to finish the process.

Report this User

Report this user for behavior that violates our Community Guidelines.

Details: